<?xml version="1.0" encoding="UTF-8"?><?xml-stylesheet type="text/xsl" href="static/style.xsl"?><OAI-PMH xmlns="http://www.openarchives.org/OAI/2.0/" xmlns:xsi="http://www.w3.org/2001/XMLSchema-instance" xsi:schemaLocation="http://www.openarchives.org/OAI/2.0/ http://www.openarchives.org/OAI/2.0/OAI-PMH.xsd"><responseDate>2026-04-27T21:55:11Z</responseDate><request verb="GetRecord" identifier="oai:uvadoc.uva.es:10324/2905" metadataPrefix="marc">https://uvadoc.uva.es/oai/request</request><GetRecord><record><header><identifier>oai:uvadoc.uva.es:10324/2905</identifier><datestamp>2021-06-23T16:49:56Z</datestamp><setSpec>com_10324_30605</setSpec><setSpec>com_10324_894</setSpec><setSpec>col_10324_41</setSpec></header><metadata><record xmlns="http://www.loc.gov/MARC21/slim" xmlns:doc="http://www.lyncode.com/xoai" xmlns:xsi="http://www.w3.org/2001/XMLSchema-instance" xmlns:dcterms="http://purl.org/dc/terms/" xsi:schemaLocation="http://www.loc.gov/MARC21/slim http://www.loc.gov/standards/marcxml/schema/MARC21slim.xsd">
<leader>00925njm 22002777a 4500</leader>
<datafield tag="042" ind1=" " ind2=" ">
<subfield code="a">dc</subfield>
</datafield>
<datafield tag="720" ind1=" " ind2=" ">
<subfield code="a">Rigotti, Juliana Filho</subfield>
<subfield code="e">author</subfield>
</datafield>
<datafield tag="260" ind1=" " ind2=" ">
<subfield code="c">2013</subfield>
</datafield>
<datafield tag="520" ind1=" " ind2=" ">
<subfield code="a">Los marcadores microsatélites son elementos extraordinariamente útiles en la identificación humana y en el mapeo genético. Además, se distribuyen ampliamente por todo el genoma y son valiosos en los casos donde existe la necesidad de analizar huesos, cabellos, manchas de sangre y otros materiales en los cuales podemos encontrar el ADN degradado o en pequeñas cantidades. La prueba del ADN constituye, actualmente, una pericia de enorme transcedencia en muchos casos judiciales, lo que ha supuesto, en los últimos años, un incremento considerable en la intervención de este tipo de pericias en los tribunales de justicia. La genética forense ha alcanzado en los últimos años, un gran avance con el desarrollo  de técnicas moleculares que actualmente nos permiten analizar evidencias con una cantidad mínima de ADN. Así, el objetivo principal de este estudio fue comparar la frecuencia alélica de la población brasileña y española para su aplicación en genética forense.</subfield>
</datafield>
<datafield tag="024" ind2=" " ind1="8">
<subfield code="a">http://uvadoc.uva.es/handle/10324/2905</subfield>
</datafield>
<datafield tag="024" ind2=" " ind1="8">
<subfield code="a">b1659946</subfield>
</datafield>
<datafield tag="024" ind2=" " ind1="8">
<subfield code="a">10.35376/10324/2905</subfield>
</datafield>
<datafield ind1=" " ind2=" " tag="653">
<subfield code="a">Identificación</subfield>
</datafield>
<datafield ind1=" " ind2=" " tag="653">
<subfield code="a">Medicina Legal</subfield>
</datafield>
<datafield ind1=" " ind2=" " tag="653">
<subfield code="a">Genética humana</subfield>
</datafield>
<datafield ind1=" " ind2=" " tag="653">
<subfield code="a">ADN</subfield>
</datafield>
<datafield tag="245" ind1="0" ind2="0">
<subfield code="a">Comparación de la frecuencia alélica de 13 loci STRs de la población brasileña y española para fines de identificación humana en genética forense</subfield>
</datafield>
</record></metadata></record></GetRecord></OAI-PMH>